ბათუმის შოთა რუსთაველის სახელმწიფო უნივერსიტეტის ბიბლიოთეკა

ტელეკომუნიკაციის თანამედროვე ტექნოლოგიები / (ბიბ.ჩანაწერი № 35711)

000 -ლიდერი
ფიქსირებული სიგრძის საკონტროლო ველი 01475nam a2200277Ia 4500
001 - საკონტროლო ნომერი
საკონტროლო ველი 1584
003 - საკონტროლო ნომრის იდენტიფიკატორი
საკონტროლო ველი GE_BSU
005 - ბოლო ოპერაციის თარიღი და დრო
საკონტროლო ველი 20210518150209.0
008 - ფიქსირებული სიგრძის მონაცემთა ელემენტები - ზოგადი ინფორმაცია
ფიქსირებული სიგრძის საკონტროლო ველი 181216s||||||||xx |||||||||||||| ||und||
020 ## - წიგნის საერთაშორისო სტანდარტული ნომერი
International Standard Book Number 9992880686
041 ## - ენის კოდი
Language code of text/sound track or separate title geo
080 ## - უნივერსალური ათობითი კლასიფიკაციის ინდექსი
Universal Decimal Classification number 621.396+621.395 ტ-44
245 ## - ცნობა სათაურის შესახებ
Title ტელეკომუნიკაციის თანამედროვე ტექნოლოგიები /
Statement of responsibility, etc გ. კაკუბერი, მ. კვაჩიძე, რ. ქვრივიშვილი [და სხვ] ; რედ.ი მანანა უკლება.
264 ## - წარმოების, გამოცემის, დისტრიბუციის და სხვა ცნობები
გამოცემის, წარმოების, დისტრიბუციის... ადგილი თბილისი :
გამოცემის, წარმოების, დისტრიბუციის... სახელწოდება დედა ენა,
გამოცემის, წარმოების, დისტრიბუციის... თარიღი 2000.
300 ## - ფიზიკური აღწერა
Extent 512 გვ. :
Other physical details ნახ., ცხრ. ;
Dimensions 21 სმ.
500 ## - ზოგადი შენიშვნა
General note ავტორები მითითებულები არიან თავფურცლის მე-2 გვერდზე.
504 ## - BIBLIOGRAPHY, ETC. NOTE
Bibliography, etc ბიბლიოგრ.: გვ. 507-511.
520 ## - SUMMARY, ETC.
Summary, etc რეზ. ინგლ. ენაზე.
653 ## - INDEX TERM--UNCONTROLLED
Uncontrolled term ტელეკომუნიკაციის თანამედროვე ტექნოლოგიები.
653 ## - INDEX TERM--UNCONTROLLED
Uncontrolled term ციფრული სიგნალები
700 ## - ADDED ENTRY--PERSONAL NAME
Personal name კაკუბერი, გ
9 (RLIN) 11828
700 ## - ADDED ENTRY--PERSONAL NAME
Personal name კვაჩიძე, მ.
9 (RLIN) 11829
700 ## - ADDED ENTRY--PERSONAL NAME
Personal name ქვრივიშვილი, რ
9 (RLIN) 1124
700 ## - ADDED ENTRY--PERSONAL NAME
Personal name უკლება, მანანა
Relator term რედაქტორი
9 (RLIN) 6609
942 ## - ADDED ENTRY ELEMENTS (KOHA)
Koha item type წიგნი
Source of classification or shelving scheme
ეგზემპლარები
ჩამოწერის სტატუსი დაკარგული ეგზემპლარის სტატუსი კლასიფიკაციის წყარო ან თაროზე გაწყობის სქემა დაზიანების სტატუსი არ გაიცემა მუდმივი მდებარეობა (დაცვის ადგილი) ამჟამინდელი ადგილსამყოფელი თაროზე განთავსების ადგილი შეძენის თარიღი ღირებულება, შესყიდვის ნორმალური ფასი სრული შენახვის შიფრი შტრიხკოდი ბოლო ოპერაციის თარიღი ეგზემპლარის მიმდევრობითი ნომერი (კეტერი?) ფასის ძალაში შესვლის თარიღი ეგზემპლარის სახეობა საჯარო შენიშვნა
          ბათუმის შოთა რუსთაველის სახელმწიფო უნივერსიტეტის მთავარი ბიბლიოთეკა ტექნოლოგიური ფაკულტეტის ბიბლიოთეკა წიგნსაცავი 2018-12-17 20.00 621.396+621.395 ტ-44 3021 2018-12-17 3021 2018-12-17 წიგნი 20.00